Statystyki dla Transfery Śląska w letnim okienku transferowym 2021/22.

Kliknij tutaj aby rozwiązać quiz!

Ogólne statystyki

  • Ten quiz został rozwiązany 6 razy
  • Średni wynik to 3 z 8

Statystyki odpowiedzi

CenaPozycjaNarodowośćPoprzedni KlubPiłkarz% Poprawnych
Za darmoŚrodkowy pomocnikCzechyRaków CzęstochowaSchwarz
100%
Za darmoBramkarzPolskaWest Brom U18Boruc
50%
WypożyczeniePrawy obrońcaPolskaSPAL U19Iskra
50%
Za darmoLewy obrońcaHiszpaniaCD CastellonGarcia
33%
?Środkowy pomocnikPolskaPiast GliwiceHyjek
33%
Za darmoŚrodkowy obrońcaPortugaliaBeitar JerusalemVerdasca
33%
Za darmoŚrodkowy napastnikHiszpaniaCadizQuintana
17%
Za darmoŚrodkowy obrońcaPolskaZagłębie SosnowiecRadkowski
17%

Rozkład punktacji

Percentyl według liczby udzielonych odpowiedzi

Procent ludzi z każdym wynikiem

Twoja historia wyników

Nie rozwiązałeś tego quizu